000 00572nam a2200217Ia 4500
003 GCL
008 140319s9999 xx 000 0 eng d
040 _aGCL /
_cGCL
082 0 4 _a915.6
_bR Y
100 1 _aBOURBON, FABIO
245 1 0 _aYESTERDAY AND TODAY: THE HOLY LAND /
_cBOURBON, FABIO
700 1 _aROBERTS, DAVID
260 _a[S.N] :
_bTHE AMERICAN UNIVERSITY IN CAIRO PRESS ،
_c1996
300 _a270 P
650 0 4 _aPALESTINAN ARABS
650 0 4 _aTRAVELS
650 0 4 _aLEBANON
650 0 4 _aJORDAN
650 0 4 _aHOLYLANDS - TRAVELS
942 _2ddc
_cBK
999 _c14830
_d14830